[Event "Ortisei Server24 op 4th"]
[Site "Ortisei"]
[Date "2018.06.24"]
[Round "9"]
[White "Solomon, Kenny"]
[Black "Colombo, Roberto"]
[Result "1-0"]
[WhiteElo "2419"]
[BlackElo "2125"]
[PlyCount "103"]
[EventDate "2018.06.16"]
[EventType "tourn"]
[EventRounds "9"]
[EventCountry "ITA"]
[SourceTitle "CBM 185 Extra"]
[Source "ChessBase"]
[SourceDate "2018.07.29"]
[SourceVersion "1"]
[SourceVersionDate "2018.07.29"]
[SourceQuality "1"]

1. d4 Nf6 2. c4 c5 3. d5 b5 4. cxb5 a6 5. bxa6 g6 6. Nc3 Bg7 7. g3 0-0 8. Bg2 d6 9. Nf3 Bxa6 10. 0-0 Nbd7 11. Rb1 Qc7 12. b3 Rfb8 13. Bb2 Qa5 14. Qc2 Nb6 15. Rfd1 Bb7 16. e4 Nfd7 17. h4 Ne5 18. h5 Nxf3+ 19. Bxf3 c4 20. Qd2 cxb3 21. axb3 Nd7 22. Na4 Qxd2 23. Rxd2 Ba6 24. hxg6 hxg6 25. Bxg7 Kxg7 26. Bd1 Rb4 27. Bc2 Rab8 28. Ra1 Bb5 29. Nc3 Nc5 30. Ra7 Kf6 31. Rd1 Be8 32. Na2 R4b6 33. Nc1 Rb4 34. Nd3 R4b5 35. Nc1 Rb4 36. Nd3 R4b5 37. Nxc5 Rxc5 38. Rd2 Rb4 39. f3 e6 40. Ra6 Ke7 41. dxe6 fxe6 42. Bd1 d5 43. e5 d4 44. Ra7+ Bd7 45. f4 g5 46. Rh2 Rc1 47. Rh7+ Ke8 48. Kf2 g4 49. Bxg4 Rxb3 50. Bh5+ Kf8 51. Rf7+ Kg8 52. Rfxd7 1-0

[Event "Ortisei Server24 op 4th"]
[Site "Ortisei"]
[Date "2018.06.19"]
[Round "4"]
[White "Colombo, Roberto"]
[Black "Lorscheid, Gerhard"]
[Result "0-1"]
[WhiteElo "2125"]
[BlackElo "2200"]
[PlyCount "78"]
[EventDate "2018.06.16"]
[EventType "tourn"]
[EventRounds "9"]
[EventCountry "ITA"]
[SourceTitle "CBM 185 Extra"]
[Source "ChessBase"]
[SourceDate "2018.07.29"]
[SourceVersion "1"]
[SourceVersionDate "2018.07.29"]
[SourceQuality "1"]

1. e4 d6 2. d4 Nf6 3. Nc3 e5 4. Nf3 Nbd7 5. Bc4 Be7 6. 0-0 Nb6 7. Be2 exd4 8. Nxd4 0-0 9. f4 Re8 10. Bf3 Bf8 11. a4 c5 12. Nde2 Bd7 13. Qd3 Bc6 14. a5 Nbd7 15. Ng3 Rc8 16. b3 b6 17. a6 c4 18. Qd4 cxb3 19. cxb3 d5 20. Kh1 Nc5 21. e5 Nxb3 22. Qd1 Nxa1 23. exf6 Qxf6 24. Bb2 d4 25. Nce4 Bxe4 26. Bxe4 Rxe4 27. Nxe4 Qc6 28. Qxd4 Nb3 29. Qe3 Nc5 30. Ng5 h6 31. Nf3 Qe4 32. Qd2 Nd3 33. Ba1 Bc5 34. Qc3 f6 35. h3 Re8 36. Qb3+ Kh8 37. Qf7 Re7 38. Qf8+ Kh7 39. g3 Ne1 0-1

[Event "ITA-ch U16"]
[Site "Montesilvano"]
[Date "2015.07.04"]
[Round "8"]
[White "Balzan, Alessandro"]
[Black "Colombo, Roberto"]
[Result "1/2-1/2"]
[WhiteElo "1949"]
[BlackElo "1872"]
[PlyCount "91"]
[EventDate "2015.06.29"]
[EventType "swiss"]
[EventRounds "9"]
[EventCountry "ITA"]
[SourceTitle "EXT 2024"]
[Source "ChessBase"]
[SourceDate "2023.10.10"]
[SourceVersion "1"]
[SourceVersionDate "2023.10.10"]
[SourceQuality "1"]

1. e4 c5 2. Nf3 e6 3. d4 cxd4 4. Nxd4 Nc6 5. Nc3 a6 6. Be3 Qc7 7. Be2 Nf6 8. 0-0 Bb4 9. Na4 Be7 10. Nxc6 bxc6 11. Nb6 Rb8 12. Nxc8 Qxc8 13. e5 Nd5 14. Bc1 c5 15. a3 0-0 16. c4 Nb6 17. Bd3 g6 18. Bh6 Rd8 19. Qg4 d5 20. exd6 Rxd6 21. Qe2 Rd8 22. Rab1 Bf6 23. b4 Na4 24. Qf3 Bg7 25. Bxg7 Kxg7 26. Bc2 Nb6 27. Qc3+ Kg8 28. Rfc1 cxb4 29. Rxb4 Qc5 30. Bd3 Rbc8 31. Rbb1 Rd4 32. Bf1 Rd6 33. Qb4 Qxb4 34. axb4 Rdc6 35. c5 Nd5 36. Bc4 Kg7 37. Bxd5 exd5 38. Kf1 Kf6 39. Ke2 a5 40. Kd3 axb4 41. Kd4 Re6 42. Kxd5 Re5+ 43. Kd4 Ke6 44. Rxb4 Rd5+ 45. Ke3 Rdxc5 46. Ke4 1/2-1/2